Chico el bocachico / (Registro nro. 19403)
[ vista simple ]
| 000 -CABECERA | |
|---|---|
| Campo de control | 01060nam a22002897a 4500 |
| 005 - FECHA Y HORA DE LA ULTIMA TRANSACCION | |
| Campo de control | 20170929020001.0 |
| 008 - ELEMENTOS DE LONGITUD FIJA—INFORMACION GENERAL | |
| Campo de control | 170306b2016 ck a|||b |||| 00| | spa d |
| 020 ## - ISBN | |
| ISBN | 9789588889948 (obra impresa) |
| 020 ## - ISBN | |
| ISBN | 9789588889955 (obra digital) |
| 040 ## - FUENTE DE CATALOGACIÓN | |
| Agencia catalogadora original | CO-BoIAVH |
| Agencia transcriptora | CO-BoIAVH |
| 041 ## - IDIOMA | |
| Código de idioma para texto/pista de sonido o título separado | Español |
| 044 ## - PAÍS DE PUBLICACIÓN | |
| País de publicación | Colombia |
| 082 1# - NUMERO DE CLASIFICACION DECIMAL DEWEY | |
| Número de clasificación | 808.803523 |
| Número del ítem | O96c |
| 100 1# - ASIENTO PRINCIPAL--NOMBRE PERSONAL | |
| Nombre personal | Oviedo, Luz Helena |
| Término relacionado | autora |
| 9 (RLIN) | 72018 |
| 245 10 - MENCION DE TITULO | |
| Título | Chico el bocachico / |
| Mención de responsabilidad | textos de Luz Helena Oviedo, ilustraciones de Juan Galvis |
| 250 ## - MENCION DE EDICION | |
| Mención de edición | Primera edición |
| 260 ## - PUBLICACION, DISTRIBUCION, ETC. (PIE DE IMPRENTA) | |
| Lugar de publicación, distribución, etc. | Bogotá: |
| Nombre del editor, distribuidor, etc. | Instituto de Investigación de Recursos Biológicos Alexander von Humboldt, |
| Fecha de publicación, distribución, etc. | 2016. |
| 300 ## - DESCRIPCION FISICA | |
| Extensión | 16 páginas, |
| Otros detalles físicos | ilustraciones a color, pasta dura; |
| Dimensiones | 24 x 18 centímetros |
| 650 10 - ASIENTO SECUNDARIO DE MATERIA - TERMINO TEMATICO | |
| Término temático o nombre geográfico como elemento de entrada | Fauna |
| Subdivisión general | narración de los cuentos |
| 9 (RLIN) | 80395 |
| 650 10 - ASIENTO SECUNDARIO DE MATERIA - TERMINO TEMATICO | |
| Término temático o nombre geográfico como elemento de entrada | Cuentos para niños |
| 9 (RLIN) | 78450 |
| 650 10 - ASIENTO SECUNDARIO DE MATERIA - TERMINO TEMATICO | |
| Término temático o nombre geográfico como elemento de entrada | Niños |
| Subdivisión general | literatura |
| 9 (RLIN) | 80396 |
| 650 10 - ASIENTO SECUNDARIO DE MATERIA - TERMINO TEMATICO | |
| Término temático o nombre geográfico como elemento de entrada | Educación |
| Subdivisión general | enseñanza y formación |
| 9 (RLIN) | 80397 |
| 650 10 - ASIENTO SECUNDARIO DE MATERIA - TERMINO TEMATICO | |
| Término temático o nombre geográfico como elemento de entrada | Ciénaga |
| 9 (RLIN) | 80392 |
| 650 10 - ASIENTO SECUNDARIO DE MATERIA - TERMINO TEMATICO | |
| Término temático o nombre geográfico como elemento de entrada | Bocachico |
| 9 (RLIN) | 80398 |
| 700 1# - ASIENTO SECUNDARIO - NOMBRE PERSONAL | |
| Nombre personal | Galvis, Juan |
| Término de relación | Ilustrador |
| 9 (RLIN) | 80394 |
| 942 ## - ELEMENTOS ADICIONALES (KOHA) | |
| Sistema de clasificación | Dewey Decimal Classification |
| Tipo de ítem | Libro |
| Koha issues (borrowed), all copies | 2 |
| Withdrawn status | Lost status | Sistema de Clasificación | Damaged status | No para préstamo | Colección | Inventariado | Ubicación Permanente | Ubicación actual | Fecha de adquisición | Fuente de Valor | Valor | Total Checkouts | Número topográfico | Inventario / Código de Barras | Date last seen | Date checked out | Ejemplar | Price effective from | Forma de adquisición | Tipo de material | Total Renewals | Checked out |
|---|---|---|---|---|---|---|---|---|---|---|---|---|---|---|---|---|---|---|---|---|---|---|
| Dewey Decimal Classification | Humboldt | Inventariado 2017 | Bogotá | Bogotá | 06/03/2017 | Instituto | 39000.00 | 2 | IAVH-808.803523 O96c | 041084 | 28/09/2017 | 28/09/2017 | Ej. 1 | 06/03/2017 | Institucional | Libro | ||||||
| Dewey Decimal Classification | Humboldt | Inventariado 2017 | Sala Fabio Quevedo | Bogotá | 06/03/2017 | Instituto | 39000.00 | 3 | IAVH-808.803523 O96c | 041085 | 20/02/2025 | 20/02/2025 | Ej. 2 | 06/03/2017 | Institucional | Libro | 3 | 24/04/2025 | ||||
| Dewey Decimal Classification | Humboldt | Inventariado 2017 | Villa de Leyva | Villa de Leyva | 30/08/2017 | Instituto | 39000.00 | IAVH-808.803523 O96c | 042832 | 30/08/2017 | Ej. 3 | 30/08/2017 | Institucional | Libro |